El paraíso está dentro de nosotros: la espiritualidad de la Nueva Era, ayer y hoy /
Gespeichert in:
| 1. Verfasser: | |
|---|---|
| Weitere Verfasser: | |
| Format: | Buch |
| Sprache: | Spanish |
| Tags: |
Tag hinzufügen
Keine Tags, Fügen Sie den ersten Tag hinzu!
|
MARC
| LEADER | 00000nam a22000007a 4500 | ||
|---|---|---|---|
| 003 | cru CIDCACS/IIS | ||
| 005 | 20190920062535.0 | ||
| 007 | ta | ||
| 008 | 170713s2015 ag ||||| |||| 00| 0 spa d | ||
| 999 | |c 19434 |d 19434 | ||
| 040 | |c cru CIDCACS/IIS | ||
| 100 | 1 | |a Semán, Pablo |9 4974 | |
| 245 | 1 | 3 | |a El paraíso está dentro de nosotros: |b la espiritualidad de la Nueva Era, ayer y hoy / |c Pablo Semán, Nicolás Viotti |
| 300 | |a páginas 81-94 | ||
| 700 | 1 | |9 4975 |a Viotti, Nicolás | |
| 773 | 0 | |0 19022 |9 1031 |a Fundación Friedrich Ebert |d Fundación Friedrich Ebert; Nueva Sociedad |o 17813 |t Nueva Sociedad / | |
| 942 | |2 ddc |c PP | ||
